000 00695pam a2200205 a 4500
020 _a0471587427 (acidfree paper)
082 0 0 _a512.5
_bANT
_cL-38 , P-190
100 1 _aAnton, Howard.
_98661
245 1 0 _aElementary linear algebra /
_cHoward Anton.
250 _a7th ed.
260 _aNew York :
_bJohn Wiley,
_cc1994.
300 _a1 v. (various pagings) :
_bill. (some col.) ;
_c24 cm.
500 _aIncludes index.
526 _a0
_b0
_c0
_d512_500000000000000_ANT
650 0 _aAlgebras, Linear.
_910720
650 0 _aMCE
_9379
856 4 _uhttp://www.loc.gov/catdir/toc/onix04/93028546.html
856 4 2 _uhttp://www.loc.gov/catdir/enhancements/fy0607/93028546-d.html
942 _2ddc
_cBK
999 _c543663
_d543663